| 000 | 00397nam a22001577a 4500 | ||
|---|---|---|---|
| 003 | OSt | ||
| 008 | 241227b |||||||| |||| 00| 0 eng d | ||
| 041 | _aeng | ||
| 082 |
_a514 _bDES/IN |
||
| 100 |
_aDeshpande, J. V _96647 |
||
| 245 | _aIntroduction to topology / | ||
| 260 |
_aNew Delhi : _bTata McGraw-Hill Publishing Co. Ltd. _c1988 |
||
| 300 | _a236p. | ||
| 650 |
_aTopology _96648 |
||
| 942 | _cBK | ||
| 999 |
_c18780 _d18780 |
||